Jonas Brothers Waffle House Lyrics - Statistics

General Stats
  • This quiz has been taken 20 times
  • The average score is 204 of 278
Answer Stats
Answer % Correct
a
94%
and
94%
at
94%
house
94%
the
94%
waffle
94%
we
94%
conversations
88%
it
88%
its
88%
to
88%
you
88%
each
81%
father
81%
hey
81%
kill
81%
no
81%
other
81%
out
81%
sh
81%
always
75%
but
75%
deep
75%
get
75%
how
75%
knew
75%
know
75%
love
75%
mother
75%
never
75%
now
75%
oh
75%
work
75%
would
75%
dont
69%
figured
69%
fire
69%
gon
69%
headstrong
69%
na
69%
night
69%
some
69%
stressed
69%
talk
69%
couple
63%
determined
63%
gasoline
63%
got
63%
nights
63%
on
63%
said
63%
somethin
63%
threw
63%
tried
63%
before
56%
ends
56%
fake
56%
thats
56%
why
56%
forfeit
50%
if
50%
misread
50%
or
50%
baby
44%
break
44%
cause
44%
something
44%
come
38%
perfect
38%
yeah
31%
only
25%
No matching quizzes found
Score Distribution
Percent of People with Each Score
Percentile by Number Answered
Your Score History
You have not taken this quiz